Miejscowości gminy Niedrzwica Duża według liczby ludności - Statystyki

Ogólne statystyki
  • Ten quiz został rozwiązany 28 razy
  • Średni wynik to 7 z 19
Statystyki odpowiedzi
Hint Odpowiedź % Poprawnych
4837 Niedrzwica Duża
100%
1459 Niedrzwica Kościelna
76%
481 Czółna
53%
234 Sobieszczany
47%
299 Załucze
41%
268 Krebsówka
35%
1445 Krężnica Jara
35%
148 Borkowizna
29%
229 Marianka
29%
520 Sobieszczany - Kolonia
29%
880 Strzeszkowice Duże
29%
123 Strzeszkowice Małe
29%
245 Tomaszówka
29%
103 Trojaczkowice
29%
132 Niedrzwica Kościelna - Kolonia
24%
252 Radawczyk
18%
214 Radawczyk - Kolonia Pierwsza
18%
168 Majdan Sobeszczański
6%
104 Osmolice - Kolonia
6%
Nie znaleziono quizów pasujących do podanych kryteriów
Rozkład punktacji
Procent ludzi z każdym wynikiem
Percentyl według liczby udzielonych odpowiedzi
Twoja historia wyników
Nie rozwiązałeś tego quizu